Countries that End with Y - Statistics

General Stats
  • This quiz has been taken 107 times
  • The average score is 7 of 8
Answer Stats
Continent Country % Correct
South America Paraguay
98%
South America Uruguay
96%
Europe Italy
91%
Europe Norway
85%
Europe Germany
84%
Europe Hungary
80%
Asia Turkey
66%
Europe Vatican City
65%
No matching quizzes found
Score Distribution
Percent of People with Each Score
Percentile by Number Answered
Your Score History
You have not taken this quiz